<?xml version="1.0" encoding="UTF-8"?>
<record
    xmlns:xsi="http://www.w3.org/2001/XMLSchema-instance"
    xsi:schemaLocation="http://www.loc.gov/MARC21/slim http://www.loc.gov/standards/marcxml/schema/MARC21slim.xsd"
    xmlns="http://www.loc.gov/MARC21/slim">

  <leader>01495nam a2200193   4500</leader>
  <datafield tag="999" ind1=" " ind2=" ">
    <subfield code="c">7436</subfield>
    <subfield code="d">7436</subfield>
  </datafield>
  <datafield tag="020" ind1=" " ind2=" ">
    <subfield code="a">0521555299</subfield>
  </datafield>
  <datafield tag="020" ind1=" " ind2=" ">
    <subfield code="a">9780521555296</subfield>
  </datafield>
  <datafield tag="050" ind1=" " ind2=" ">
    <subfield code="a">QA401</subfield>
    <subfield code="b">.R537</subfield>
  </datafield>
  <datafield tag="100" ind1=" " ind2=" ">
    <subfield code="a">Riley, K F </subfield>
  </datafield>
  <datafield tag="245" ind1=" " ind2=" ">
    <subfield code="a">Mathematical methods for physics and engineering : </subfield>
    <subfield code="b">a comprehensive guide</subfield>
    <subfield code="c">K F Riley; M P Hobson; S J Bence</subfield>
  </datafield>
  <datafield tag="260" ind1=" " ind2=" ">
    <subfield code="a">Cambridge ; New York : </subfield>
    <subfield code="b">Cambridge University Press, </subfield>
    <subfield code="c">&#xA9;1998.</subfield>
  </datafield>
  <datafield tag="300" ind1=" " ind2=" ">
    <subfield code="a">xix, 1008 pages : </subfield>
    <subfield code="b">illustrations ; </subfield>
    <subfield code="c">25 cm</subfield>
  </datafield>
  <datafield tag="500" ind1=" " ind2=" ">
    <subfield code="a">Includes index.</subfield>
  </datafield>
  <datafield tag="505" ind1=" " ind2=" ">
    <subfield code="a">1. Preliminary calculus --
2. Complex numbers and hyperbolic functions --
3. Series and limits --
4. Partial differentiation --
5. Multiple integrals --
6. Vector algebra --
7. Matrices and vector spaces --
8. Vector calculus --
9. Line, surface and volume integrals --
10. Fourier series --
11. Integral transforms --
12. First-order ordinary differential equations --
13. Higher-order ordinary differential equations --
14. Series solutions of ordinary differential equations --
15. Eigenfunction methods for differential equations --
16. Partial differential equations: general and particular solutions --
17. Partial differential equations: separation of variables and other methods --
18. Complex variables --
19. Tensors --
20. Calculus of variations --
21. Integral equations --
22. Group theory --
23. Representation theory --
24. Probability --
25. Numerical methods.</subfield>
  </datafield>
  <datafield tag="650" ind1=" " ind2=" ">
    <subfield code="a">Mathematical analysis.</subfield>
  </datafield>
  <datafield tag="700" ind1=" " ind2=" ">
    <subfield code="a">Hobson, M P </subfield>
  </datafield>
  <datafield tag="710" ind1=" " ind2=" ">
    <subfield code="a">Bence, S J </subfield>
  </datafield>
  <datafield tag="942" ind1=" " ind2=" ">
    <subfield code="c">BK</subfield>
  </datafield>
  <datafield tag="952" ind1=" " ind2=" ">
    <subfield code="0">0</subfield>
    <subfield code="1">0</subfield>
    <subfield code="4">0</subfield>
    <subfield code="7">0</subfield>
    <subfield code="8">REF</subfield>
    <subfield code="a">MUCGM</subfield>
    <subfield code="b">MUCGM</subfield>
    <subfield code="c">GEN</subfield>
    <subfield code="d">2000-10-14</subfield>
    <subfield code="l">0</subfield>
    <subfield code="o">QA401 .R537</subfield>
    <subfield code="p">14551</subfield>
    <subfield code="r">2020-10-28 00:00:00</subfield>
    <subfield code="w">2020-10-28</subfield>
    <subfield code="y">BK</subfield>
  </datafield>
</record>
